header

No slack (Record no. 136841)

MARC details
000 -LEADER
fixed length control field 01436nam a2200349 a 4500
082 04 - DEWEY DECIMAL CLASSIFICATION NUMBER
Classification number 330.9730086/942
100 1# - MAIN ENTRY--AUTHOR NAME
Personal name Barr, Michael S.
245 10 - TITLE STATEMENT
Title No slack
260 ## - PUBLICATION, DISTRIBUTION, ETC. (IMPRINT)
Place of publication Washington, D.C. :
Name of publisher Brookings Institution Press,
Year of publication c2012.
300 ## - PHYSICAL DESCRIPTION
Number of Pages ix, 294 p. :
Other physical details ill.
650 #0 - SUBJECT ADDED ENTRY--TOPICAL TERM
Topical Term Financial services industry
Topical Term Banks and banking
Topical Term Poor
Topical Term Low-income consumers
856 40 - ELECTRONIC LOCATION AND ACCESS
Uniform Resource Identifier http://site.ebrary.com/lib/rucke/Doc?id=10546507

No items available.

© 2026 Rongo University
Contact us: librarian | system librarian | Rongo university